000 00616cam a2200193 4500
008 240313t2009 000 0 eng u
020 _a9780414041219
041 0 _aeng
110 2 _aJoint Contracts Tribunal
_93664
240 0 0 _aDBSub/C
245 0 0 _aDBSub/C
_bDesign and Build Sub-Contract Conditions 2005, Revision 2009
250 _aRevision 2 2009
260 _aLondon
_bSweet and Maxwell Limited
_c2009
300 _aii, 76p
_c30cm.
650 2 4 _aJCT DESIGN AND BUILD SUBCONTRACT (2005 EDITION) (REVISION 2009)
651 4 _aUnited Kingdom
690 _aConstruction management
_96230
942 _n0
_2ddc
999 _c121837
_d121837